00775nam a2200229 a 450000100060000000300080000600500170001400800410003102000170007203500190008904000320010804100080014004100090014808200320015710000220018924501260021126000440033730000290038150000470041050000500045765000380050759433BD-RjUL20211209080728.0161224s2008 bg a 001 0 eng d c: TK 300.00  a(BD-RjUL)59557 aDLCcDLCdDLCdBD-RjULbeng aeng aben 00a347.0525492223 bHAL 2008 1 aHabib, Md. Ahsan 14aThe Limitation Act, 1908 = তামাদি আইন ১৯০৮ / bwith References & commentary /cMd. Ahsan Habib  aDhaka :bUniversity Publication,c2008. a187 p. :bill. ;c25 cm. aAs modified up to date 1, September 2008.  aIncludes bibliographical reference and index. aLimitation of actionszBangladesh